| Tag |
First Indicator |
Second Indicator |
Subfields |
| LEADER |
00000cam a2200000 a 4500 |
| 001 |
in00001370708 |
| 005 |
20151006084153.0 |
| 007 |
hd afa014baca |
| 008 |
951006s1978 dcu a 000 0 eng d |
| 035 |
|
|
|a (OCoLC)33256433
|
| 035 |
|
|
|9 AHJ5671AM
|
| 040 |
|
|
|a HDB
|c HDB
|d UtOrBLW
|
| 049 |
|
|
|a TXAI
|
| 090 |
|
|
|a JK1108
|b .M35 Suppl. 1978-79 reel 9, fr. 0150
|
| 099 |
|
|
|a film
|a S
|a 1707
|a 1978-79, reel 9, fr. 0150.
|
| 100 |
1 |
|
|a Parris, Judith H.
|
| 245 |
1 |
4 |
|a The Office of Management and Budget :
|b background, responsibilities, recent issues /
|c by Judith H. Parris, Specialist in American National Government.
|
| 264 |
|
1 |
|a [Washington, DC] :
|b Library of Congress, Congressional Research Service,
|c 1978.
|
| 300 |
|
|
|a 87 pages ;
|c 28 cm.
|
| 336 |
|
|
|a text
|b txt
|2 rdacontent
|
| 337 |
|
|
|a microform
|b h
|2 rdamedia
|
| 338 |
|
|
|a microfilm reel
|b hd
|2 rdacarrier
|
| 500 |
|
|
|a Cover title.
|
| 500 |
|
|
|a "July 27, 1978."
|
| 500 |
|
|
|a "HJ 2005 U.S."
|
| 500 |
|
|
|a "78-158 GOV."
|
| 500 |
|
|
|a "Government Division."
|
| 504 |
|
|
|a Includes bibliographical references.
|
| 533 |
|
|
|a Microfilm.
|b Arlington, VA :
|c University Publications of America,
|d 1979.
|e on 1 microfilm reel ; 35 mm. Low reduction.
|f (Major studies and issue briefs of the Congressional Research Service. 1978-79 supplement ; reel 9, fr. 0150).
|
| 500 |
|
|
|a Microform.
|
| 610 |
1 |
0 |
|a United States.
|b Office of Management and Budget.
|
| 650 |
|
0 |
|a Budget
|z United States.
|
| 710 |
2 |
|
|a Library of Congress.
|b Congressional Research Service.
|
| 830 |
|
0 |
|a Major studies and issue briefs of the Congressional Research Service.
|p Supplement ;
|v 1978-79, reel 9, fr. 0150.
|
| 999 |
|
|
|a MARS
|
| 999 |
f |
f |
|s e0f5a014-49b4-36da-8b0d-e00534b45264
|i b1507070-5bb8-3368-98e6-c105b9a8677d
|t 0
|
| 952 |
f |
f |
|p default
|a Texas A&M University
|b College Station
|c Sterling C. Evans Library
|d Evans: Microforms (3rd floor)
|t 0
|e film S 1707 1978-79, reel 9, fr. 0150.
|h Other scheme
|i microform -- microfilm reel
|
| 998 |
f |
f |
|a film S 1707 1978-79, reel 9, fr. 0150.
|t 0
|l Evans: Microforms (3rd floor)
|